Les 10 villes les plus peuplées du Val-d'Oise (95) - Statistiques

Statistiques générales
  • Ce quiz a été pris 180 fois
  • Le résultat moyen est 6 sur 10
Statistiques - réponses
Population Communes % Correct
107 100 Argenteuil
94%
69 600 Cergy
91%
58 600 Sarcelles
86%
31 600 Pontoise
80%
38 000 Franconville
52%
42 400 Garges-lès-Gonesse
48%
29 200 Villiers-le-Bel
39%
31 000 Goussainville
34%
34 300 Bezons
32%
31 800 Herblay-sur-Seine
13%
Aucun quiz correspondant
Distribution des résultats
% des personnes avec chaque résultat
Percentile par nombre de réponses
Votre historique - résultats
Vous n’avez pas pris ce quiz